000 00783nam a2200289Ia 4500
001 B3256
003 IT-RoPAU
008 130308s9999 xx 000 0 und d
040 _aIT-RoPAU
040 _cIT-RoPAU
041 _aFRANCESE
100 _aCabanne Pierre
100 _gCodice Aut. SPICS: 17776
245 _aComete comique
245 _bImage Humoristique (L')
250 _a1a ed.
260 _aNICE
260 _bZ'Editions
260 _c1992 [1° Ed.:1992 - Ed.Ling.Originale:1992]
300 _a"2 p. (prefazione: no ; testo: 2 [pagine: 43-44])"
500 _aCometa Comica: tonsura di Marcel Duchamp del 1919 a Forma di Stella.
650 _aSAGGI DI SEMIOLOGIA
650 _eCodice materia Spics: 3257
942 _cBK
957 _71
999 _c78382
_d78382
999 _g1